|
|
|
|
| LEADER |
01110nam a2200277 a 4500 |
| 001 |
10558996 |
| 008 |
100616r19981989nyu 001 0 eng d |
| 010 |
|
|
|a 84005170
|
| 020 |
|
|
|a 0412437007
|
| 020 |
|
|
|a 0442305915
|
| 020 |
|
|
|a 0442305923 (pbk.)
|
| 040 |
|
|
|a DLC
|c DLC
|d EQF
|d DB-DhAAL
|
| 082 |
0 |
0 |
|a 621.38
|2 21
|
| 100 |
1 |
|
|a O'Reilly, John J.
|
| 245 |
0 |
0 |
|a Telecommunication principles /
|c John J. O'Reilly.
|
| 250 |
|
|
|a 2nd ed.
|
| 260 |
|
|
|a New York, N.Y. ;
|a Berkshire, England :
|b Van Nostrand Reinhold,
|c c1989.[reprinted 1998]
|
| 300 |
|
|
|a viii, 143 p. :
|b ill. ;
|c 24 cm.
|
| 490 |
0 |
|
|a Tutorial guides in electronic engineering ;
|v 5.
|
| 504 |
|
|
|a Includes index.
|
| 541 |
1 |
|
|e 00018308
|
| 650 |
|
0 |
|a Telecommunication.
|
| 852 |
4 |
|
|a Ayesha Abed Library
|j General Shelf.
|
| 999 |
|
|
|c 8962
|d 8962
|
| 952 |
|
|
|0 0
|1 0
|2 ddc
|4 0
|6 621_380000000000000_ORE_1998
|7 0
|9 11026
|a BRACUL
|b BRACUL
|c GEN
|d 2010-06-16
|l 0
|o 621.38 ORE
|p 3010018308
|r 2010-06-16
|t 1
|w 2010-06-16
|y BK
|
| 952 |
|
|
|0 0
|1 0
|2 ddc
|4 0
|6 621_380000000000000_ORE_1998
|7 0
|9 11027
|a BRACUL
|b BRACUL
|c GEN
|d 2010-06-16
|l 0
|o 621.38 ORE
|p 3010018309
|r 2010-06-16
|t 2
|w 2010-06-16
|y BK
|